[Event "ch-LIB"]
[Site "Beruit LIB"]
[Date "2001.07.30"]
[Round "4.1"]
[White "Abdulaziz,M"]
[Black "Omar,H"]
[Result "0-1"]
[WhiteElo "2164"]
[BlackElo "2139"]

1.c4 e5 2.g3 g6 3.Bg2 Bg7 4.d3 Nc6 5.Nc3 d6 6.Rb1 a5 7.a3 Be6 8.Bd2 Nf6 9.Nf3 O-O
10.O-O h6 11.Qc1 Kh7 12.b4 axb4 13.axb4 Rb8 14.b5 Nd4 15.Nxd4 exd4 16.Nd5 Bxd5
17.cxd5 Nd7 18.Qc2 Re8 19.Bc1 Nc5 20.Rb4 Re7 21.Bb2 Qe8 22.Re1 Ra8 23.Kf1 Ra5
24.Qc4 b6 25.f4 Re3 26.Qc1 Rxb5 27.Bxd4 Bxd4 28.Rxd4 Nb3 29.Qc3 Nxd4 30.Qxd4 Re7
31.Qf6 Ra5 32.h4 Rd7 33.h5 Qe7 34.Qd4 Rd8 35.Bf3 Raa8 36.Kf2 Qf8 37.f5 Re8
38.hxg6+ fxg6 39.fxg6+ Kxg6 40.Kg2 Qf6 41.Qg4+ Qg5 42.Be4+ Kg7 43.Qd7+ Re7
44.Qc6 Rf8 45.Qa4 Qf6 46.Bf3 Re5 47.Qa1 Re7 48.Qc1 Qg5 49.Qc3+ Kg8 50.Rh1 Rxf3
51.exf3 Re2+ 52.Kf1 Qe3  0-1

[Event "Keres Mem Open"]
[Site "Tallinn EST"]
[Date "2001.07.30"]
[Round "8"]
[White "Kveinys,A"]
[Black "Stepovaia Dianchenko,T"]
[Result "1-0"]
[WhiteElo "2535"]
[BlackElo "2451"]

1.c4 e5 2.g3 Nc6 3.Bg2 g6 4.Nc3 Bg7 5.Rb1 Nf6 6.e3 d6 7.Nge2 Be6 8.Nd5 O-O
9.d3 Qd7 10.O-O a5 11.e4 Nh5 12.Be3 f5 13.Qd2 Rae8 14.b3 b6 15.a3 Nd4 16.Bxd4 exd4
17.exf5 Bxf5 18.b4 axb4 19.axb4 Bg4 20.Rbe1 Bf3 21.Bxf3 Rxf3 22.Kg2 Rf5 23.b5 Ref8
24.Ng1 Rxd5 25.cxd5 Qxb5 26.Qa2 Qxd3 27.Re7 Qc3 28.Rfe1 Nf6 29.Nh3 Bh6 30.Qe2 Qc5
31.Qe6+ Kh8 32.Kg1 Qxd5 33.Rxc7 d3 34.Qe7 d2 35.Rd1 Qe5 36.Nf4 Qxe7 37.Rxe7 Bxf4
38.gxf4 Nd5 39.Rb7 Nxf4 40.Rxd2 d5 41.f3 d4 42.Rd7 d3 43.Ra2 h5 44.h4 Re8
45.Ra4 Ne6 46.Re4 Kg8 47.Kf2 b5 48.Rxd3 Kf7 49.Rd7+ Re7 50.Rd6 Nf8 51.Rxe7+ Kxe7
52.Rb6 Kf7 53.Ke3 Ne6 54.Rxb5 Kf6 55.Ke4 Ng7 56.Rb6+ Kf7 57.Ke5 Ne8 58.Rb7+ Kf8
59.Rb8  1-0

[Event "MTO"]
[Site "Biel SUI"]
[Date "2001.07.31"]
[Round "8"]
[White "Markowski,T"]
[Black "Pikula,D"]
[Result "1-0"]
[WhiteElo "2548"]
[BlackElo "2458"]

1.g3 e5 2.c4 d6 3.Bg2 g6 4.Nc3 Bg7 5.d3 f5 6.Nf3 h6 7.O-O Ne7 8.e4 Nbc6 9.exf5 Nxf5
10.Rb1 O-O 11.b4 g5 12.b5 Nce7 13.Nd2 Nd4 14.Nb3 a6 15.Nxd4 exd4 16.Nd5 axb5
17.cxb5 Nxd5 18.Bxd5+ Kh8 19.a4 Bh3 20.Bxb7 Bxf1 21.Kxf1 Ra7 22.Bc6 Qf6 23.Rb2 Qf5
24.Kg1 Qc5 25.Ra2 Rf6 26.Bd2 d5 27.Qb3 Re6 28.Bxd5 Re2 29.Bf3 Re8 30.Bc6 Re2
31.Qd1 Re6 32.Qf3 Qe5 33.a5 Qc5 34.a6 Bf6 35.Qd5 Rxc6 36.Qxc6 Qxc6 37.bxc6 Kg7
38.Bb4  1-0

[Event "MTO"]
[Site "Biel SUI"]
[Date "2001.07.31"]
[Round "8"]
[White "Frauenfelder,R"]
[Black "Ciric,DM"]
[Result "0-1"]
[WhiteElo "2195"]
[BlackElo "2311"]

1.c4 e5 2.g3 g6 3.Bg2 Bg7 4.Nc3 Ne7 5.e4 O-O 6.Nge2 Nbc6 7.d3 d6 8.O-O Be6
9.Nd5 Qd7 10.Be3 f5 11.Qd2 Rf7 12.Bg5 Raf8 13.Nxe7+ Nxe7 14.Rac1 c5 15.b4 cxb4
16.Bxe7 Qxe7 17.Qxb4 f4 18.f3 fxg3 19.hxg3 Bh6 20.f4 Bg4 21.Nc3 exf4 22.gxf4 Bxf4
23.Nd5 Qe5 24.Rxf4 Rxf4 25.Nxf4 Qxf4 26.Qe1 h5 27.d4 Qg5 28.Rc2 h4 29.Qd2 Rf4
30.Kh2 Bf3 31.Bxf3 Qg3+ 32.Kh1 Qxf3+ 33.Qg2 Qxe4 34.Qxe4 Rxe4 35.c5 Rxd4
36.cxd6 Rxd6 37.Rc8+ Kg7 38.Rc7+ Kh6 39.Rxb7 Ra6 40.Rb2 Ra3 41.Kh2 g5 42.Rc2 Kh5
43.Kg2 h3+ 44.Kh2 Kh4 45.Rc4+ g4 46.Rc2 Rd3 47.Kg1 Rd1+ 48.Kf2 h2  0-1

[Event "Keres Mem Open"]
[Site "Tallinn EST"]
[Date "2001.07.31"]
[Round "9"]
[White "Nyysti,S"]
[Black "Kanep,M"]
[Result "1/2-1/2"]
[WhiteElo "2224"]
[BlackElo "2318"]

1.c4 e5 2.g3 Nf6 3.Bg2 Nc6 4.Nc3 Bb4 5.Nd5 Nxd5 6.cxd5 Ne7 7.Nf3 Bd6 8.O-O Nxd5
9.Nxe5 Bxe5 10.Bxd5 c6 11.d4 Bf6 12.Bg2 d5 13.Qd3 O-O 14.Bf4 Re8 15.Rad1 Qb6
16.Rd2 Bg4 17.h3 Bh5 18.Re1 Bg6 19.Qc3 a5 20.Bf3 Be4 21.Bxe4 Rxe4 22.e3 Re6
23.h4 a4 24.Qc2 h6 25.h5 a3 26.b3 Be7 27.Rdd1 Re8 28.Kh2 Bg5  1/2-1/2

[Event "Rapidplay"]
[Site "Liepaja LAT"]
[Date "2001.08.03"]
[Round "4"]
[White "Kveinys,A"]
[Black "Adianto,U"]
[Result "0-1"]
[WhiteElo "2535"]
[BlackElo "2598"]

1.c4 e5 2.g3 Nf6 3.Bg2 c6 4.d4 e4 5.Nc3 Bb4 6.Qb3 Bxc3+ 7.Qxc3 h6 8.b3 O-O
9.Nh3 d6 10.Nf4 Na6 11.h4 Nc7 12.d5 cxd5 13.Bb2 Re8 14.cxd5 Bf5 15.O-O Rc8
16.Qb4 Ncxd5 17.Nxd5 Nxd5 18.Qxb7 Qa5 19.Rfd1 Nc3 20.Bxc3 Qxc3 21.Qxa7 e3
22.Qd4 exf2+ 23.Kxf2 Qa5 24.Bf3 Rc2 25.b4 Qb5 26.Rd2 Rc4 27.Qxd6 Be4 28.a4 Qf5
29.Qf4 Qh3 30.Rh1 Qc8 31.Rhd1 Bxf3 32.Qxf3 Rxb4 33.Rd7 Qc5+  0-1

[Event "Open"]
[Site "Olomouc CZE"]
[Date "2001.08.04"]
[Round "3"]
[White "Shushpanov,V"]
[Black "Kanovsky,D"]
[Result "1-0"]
[WhiteElo "2427"]
[BlackElo "2265"]

1.c4 e5 2.g3 g6 3.Bg2 Bg7 4.Nc3 Nc6 5.Nf3 d6 6.d3 f5 7.Rb1 a5 8.O-O Nf6 9.a3 O-O
10.b4 axb4 11.axb4 h6 12.b5 Ne7 13.Bb2 Be6 14.c5 g5 15.Ra1 g4 16.cxd6 cxd6
17.Nd2 d5 18.Qb3 f4 19.Rxa8 Qxa8 20.Na4 Ng6 21.d4 Re8 22.dxe5 Ne4 23.Rd1 fxg3
24.hxg3 Nxe5 25.Nxe4 dxe4 26.Qb4 e3 27.fxe3 Rd8 28.Rd6 Bf7 29.Nb6 Qb8 30.Bxe5 Bxe5
31.Qxg4+ Bg7 32.Rxd8+ Qxd8 33.Qc8 Qxc8 34.Nxc8 Be6 35.Bxb7 Bxc8 36.Bxc8 Be5
37.Kg2 Kg7 38.b6 Kf6 39.Kf3 Bd6 40.b7 Bb8 41.Bd7 Ke5 42.Ba4 Bc7 43.Bc2 Bb8
44.Kg4 Kf6 45.Kh4 h5 46.Be4 Be5  1-0

[Event "Open"]
[Site "Korinthos GRE"]
[Date "2001.08.05"]
[Round "9"]
[White "Gesos,P"]
[Black "Kadiltzoglou,P"]
[Result "1-0"]
[WhiteElo "2351"]
[BlackElo "2084"]

1.c4 e5 2.g3 Nf6 3.Bg2 Nc6 4.Nc3 Bb4 5.e3 O-O 6.Nge2 Re8 7.O-O Bxc3 8.Nxc3 e4
9.d3 exd3 10.Qxd3 Ne5 11.Qe2 d6 12.b3 Bg4 13.f3 Be6 14.e4 Nc6 15.Be3 Qc8
16.Nd5 Nd7 17.Qb2 a5 18.Nf4 Nc5 19.Qc3 Qd7 20.Rfd1 Qe7 21.Nd5 Bxd5 22.cxd5 Ne5
23.Bd4 f6 24.Bxc5 dxc5 25.Rac1 Nd7 26.Qc4 Kh8 27.f4 b6 28.Re1 Rad8 29.a3 Qd6
30.Qb5 g5 31.Rf1 g4 32.Rfe1 h5 33.Qe2 c6 34.e5 fxe5 35.dxc6 exf4 36.Qxe8+ Rxe8
37.Rxe8+ Kg7 38.Rd8 Qd4+ 39.Kh1 Qe3 40.Rxd7+ Kf6 41.Rcd1 f3 42.Bf1 f2 43.R1d6+ Kg5
44.Rg7+ Kf5 45.Bd3+ Qxd3 46.Rf7+  1-0

[Event "Kochan Mem Open"]
[Site "Koszalin POL"]
[Date "2001.08.05"]
[Round "2"]
[White "Stanczyk,L"]
[Black "Majdan,J"]
[Result "0-1"]
[WhiteElo "2128"]
[BlackElo "2028"]

1.c4 e5 2.g3 Nc6 3.Bg2 d6 4.b3 f5 5.Bb2 Nf6 6.Nf3 g6 7.d4 e4 8.Nfd2 Qe7 9.e3 Nb4
10.O-O h5 11.Bc3 Nd3 12.h4 Bh6 13.d5 O-O 14.Na3 Ng4 15.Nc2 Bd7 16.Qe2 Rae8
17.Bd4 Nde5 18.a4 a6 19.b4 g5 20.Bxe5 Qxe5 21.hxg5 Bxg5 22.Bh3 Rf7 23.Nd4 Rh7
24.Kg2 f4 25.exf4 Bxf4 26.N2b3 Bh6 27.b5 axb5 28.axb5 Rg7 29.Rh1 Rf8 30.Raf1 Ne3+
31.Kh2 Nxf1+ 32.Rxf1 h4 33.Rg1 Bxh3 34.Kxh3 hxg3 35.fxg3 e3 36.Nf3 Qh5+ 37.Kg2 Bf4
38.Nbd4 Rxg3+ 39.Kf1 Qh3+ 40.Ke1 Rxg1+ 41.Nxg1 Bg3+ 42.Kd1 Qf1+ 43.Kc2 Rf2
44.Kd3 Rxe2 45.Ngxe2 Bf2 46.Ke4 Kf7 47.Kf4 Kf6 48.Ke4 Qb1+ 49.Kf3 Ke5 50.Kg2 Qe4+
51.Nf3+ Kf5 52.Nd4+ Kg4 53.b6 cxb6 54.c5 bxc5 55.Kf1 cxd4  0-1

[Event "Kochan Mem Open"]
[Site "Koszalin POL"]
[Date "2001.08.07"]
[Round "4"]
[White "Shurygin,S"]
[Black "Myc,M"]
[Result "1/2-1/2"]
[WhiteElo "2394"]
[BlackElo "2305"]

1.c4 e5 2.g3 Nf6 3.Bg2 Nc6 4.Nc3 Bc5 5.d3 O-O 6.Nf3 h6 7.O-O d6 8.Na4 Bg4
9.Re1 Re8 10.Nxc5 dxc5 11.Be3 Qd6 12.Nd2 a5 13.Nb1 b6 14.Nc3 Rad8 15.Rb1 Nd4
16.a3 Bd7 17.Bd2 Bc6 18.e4 Bd7 19.h3 c6 20.Kh1 Ne6 21.Qe2 Bc8 22.Bf1 Nd4
23.Qd1 b5 24.Be3 Ba6 25.b3 g5 26.Rb2 Ne6 27.Rd2 Kg7 28.Be2 Rh8 29.Bg4 Nd4
30.Kg2 b4 31.axb4 cxb4 32.Na4 c5 33.Rh1 Bb7 34.Bf3 Ne6 35.Qa1 h5 36.Kh2 g4
37.Bg2 h4 38.Kg1 hxg3 39.fxg3 gxh3 40.Bxh3 Nd4 41.Bxd4 Qxd4+ 42.Qxd4 Rxd4
43.Bg2 Rxh1+ 44.Bxh1 Nd7 45.Bg2 Bc6 46.Nb2 Nb6 47.Kf2 Rd8 48.Ke3 Ra8 49.Rd1 a4
50.bxa4 Nxa4 51.Nxa4 Rxa4 52.Bf3 Ra2 53.Rb1 Kf6 54.Bd1 Ke7 55.Bb3 Ra3 56.Kd2 Kf6
57.Rf1+ Kg6 58.Kc2 Ra8 59.Rh1 Kg7 60.Kd2 Bd7 61.Rh5 f6 62.Rh1 Ra3 63.Kc2 Ra7
64.Kd2 Ra8 65.Ke3 Ra3 66.Rb1 Kg6 67.Kd2 Kg5 68.Kc2 Ba4 69.Bxa4 Rxa4 70.Rf1 Ra2+
71.Kb3 Ra3+ 72.Kc2 Ra2+ 73.Kb3 Rd2 74.Rf3 Kg4 75.Rxf6 Rxd3+ 76.Ka4 b3 77.Ka3 Rc3
78.Rf5 Rxc4 79.Rxe5 Rb4 80.Kb2 c4 81.Rc5 Ra4 82.Kc3 Kxg3 83.e5 Kf4 84.e6 Ra7
85.Rxc4+ Ke5 86.Kxb3 Kxe6 87.Kc3 Kd6 88.Kd3  1/2-1/2

[Event "ch-AUT women"]
[Site "Mureck AUT"]
[Date "2001.08.09"]
[Round "3"]
[White "Schwaninger,U"]
[Black "Mira,H"]
[Result "0-1"]
[WhiteElo "2045"]
[BlackElo "2122"]

1.c4 e5 2.g3 Nf6 3.Bg2 Nc6 4.e3 d5 5.cxd5 Nxd5 6.a3 Qd6 7.Nc3 Nxc3 8.bxc3 Bd7
9.Qb3 b6 10.Ne2 Rd8 11.O-O Na5 12.Qc2 Bb5 13.d4 Qe6 14.Re1 f5 15.a4 Bc4 16.e4 Nb3
17.exf5 Nxa1 18.Qb1 Qd7 19.Qxa1 Qxf5 20.Nf4 Bd6 21.dxe5 Bc5 22.Bh3 Qc2 23.Ba3 Bxf2+  0-1

[Event "I American Continental"]
[Site "Cali COL"]
[Date "2001.08.11"]
[Round "2"]
[White "Mieles Palau,D"]
[Black "Gutierrez,JA"]
[Result "1-0"]
[WhiteElo "2452"]
[BlackElo "2282"]

1.c4 e5 2.g3 Nf6 3.Bg2 Nc6 4.Nc3 Bb4 5.Nd5 Bc5 6.e3 O-O 7.Ne2 d6 8.O-O Bg4
9.h3 Bh5 10.g4 Bg6 11.d4 Bb6 12.f4 exf4 13.exf4 Be4 14.Nxf6+ Qxf6 15.Bxe4 Rae8
16.Bxc6 bxc6 17.Qd3 Re7 18.f5 h6 19.Bf4 Rfe8 20.Rf2 Re4 21.Rd1 Qe7 22.Rd2 Ba5
23.Nc3 Re1+ 24.Kg2 Qh4 25.Rde2 Bb6 26.b4 a5 27.c5 axb4 28.cxb6 bxc3 29.Rxe1 Rxe1
30.bxc7 Re8 31.Qa6 Qe7 32.c8=Q Qe4+ 33.Kg3 Rxc8 34.Qxc8+ Kh7 35.f6 Qd3+ 36.Rf3 Qxd4
37.fxg7 Qg1+ 38.Kh4 Qe1+ 39.Kh5 Kxg7  1-0

[Event "TCh-ESP Div 2"]
[Site "Vila Real ESP"]
[Date "2001.08.13"]
[Round "1"]
[White "Lezcano Jaen,P"]
[Black "Ferron Garcia,C"]
[Result "1-0"]
[WhiteElo "2386"]
[BlackElo "2287"]

1.c4 e5 2.g3 Nf6 3.Bg2 d5 4.cxd5 Nxd5 5.Nf3 Nc6 6.O-O Nb6 7.d3 Be7 8.Nc3 O-O
9.Be3 Be6 10.a3 Nd5 11.Bd2 Qd7 12.b4 a6 13.Rc1 f6 14.Nxd5 Bxd5 15.Bc3 a5
16.e4 Bf7 17.b5 Nd8 18.a4 c5 19.Nh4 Ne6 20.Nf5 Rfd8 21.Qg4 h5 22.Qe2 Bf8
23.Rfd1 Nd4 24.Bxd4 cxd4 25.Bh3 Qe8 26.f4 Be6 27.fxe5 fxe5 28.Kg2 Rac8 29.Nh4 Bxh3+
30.Kxh3 Be7 31.Nf3 Bf6 32.Qa2+ Kh7 33.Nd2 Rxc1 34.Rxc1 Qd7+ 35.Kg2 Bg5 36.Rf1 Bxd2
37.Qxd2 Qe7 38.Qxa5  1-0

[Event "I American Continental"]
[Site "Cali COL"]
[Date "2001.08.14"]
[Round "5"]
[White "Mera Cedeno,A"]
[Black "Diaz,Ja"]
[Result "1/2-1/2"]
[WhiteElo "2385"]
[BlackElo "2245"]

1.c4 e5 2.g3 Nf6 3.Bg2 d5 4.cxd5 Nxd5 5.Nf3 Nc6 6.O-O Be7 7.d4 e4 8.Ne5 f5
9.Nxc6 bxc6 10.Nc3 O-O 11.Qa4 Qd6 12.Nxd5 cxd5 13.Bf4 Qa6 14.Qb3 c6 15.Rfc1 Bd7
16.e3 Qb6 17.Rc3 Bb4 18.Bc7 Qxc7 19.Qxb4 a5 20.Qc5 Qa7 21.Qd6 Rf6 22.Qe7 Be8
23.Qe5 Qb8 24.Qxb8 Rxb8 25.Rb3 Rxb3 26.axb3 Rf7 27.Rxa5 Rb7 28.Ra3 Kf7 29.Bf1 Ke6
30.Ba6 Rb8 31.Kf1 Kd6 32.Ke2 g5 33.Kd2 Bd7 34.Be2 Rc8 35.b4 f4 36.gxf4 gxf4
37.b5 f3 38.bxc6 Bxc6 39.Bf1 Bb7 40.Ra7 Rb8 41.b4 Bc6 42.Kc3 Rg8 43.Ra6 Kc7
44.b5 Bb7 45.Rh6 Rg1 46.b6+ Kb8 47.Bb5 Rb1 48.Ba4 Ba6 49.Bb3 Bc4 50.Bxc4 Rc1+
51.Kb4 dxc4 52.Rxh7 c3 53.Rc7 Rc2 54.Rxc3 Rxf2 55.Rc7 Rb2+ 56.Ka5 Rb3 57.d5 Rxe3
58.d6 Rd3 59.d7 f2  1/2-1/2

[Event "I American Continental"]
[Site "Cali COL"]
[Date "2001.08.15"]
[Round "6"]
[White "Diaz,Ja"]
[Black "Ricaurte Lopez,J"]
[Result "0-1"]
[WhiteElo "2245"]
[BlackElo "2353"]

1.c4 e5 2.g3 Nf6 3.Bg2 d5 4.cxd5 Nxd5 5.Nc3 Nb6 6.Nf3 Nc6 7.O-O Be7 8.d3 O-O
9.Be3 Be6 10.Rc1 f5 11.Na4 e4 12.Ne1 Rf7 13.Bc5 Bg5 14.Ra1 Rd7 15.Ba3 Nxa4
16.Qxa4 Rb8 17.Bc5 Rd5 18.b4 Nd4 19.dxe4 Nxe2+ 20.Kh1 fxe4 21.Nc2 Rd2 22.Be3 Bxe3
23.Nxe3 a6 24.Qa5 b5 25.Rfd1 Rb6 26.a4 Nc3 27.Rxd2 Qxd2 28.axb5 Nxb5 29.Kg1 Bb3
30.Rb1 Rf6 31.Ng4 Rc6 32.Qa1 h5 33.Ne3 Rc3 34.Nf1 Qd6 35.Rxb3 Rxb3 36.Qa2 Qxb4
37.Nd2 Nd4 38.Bxe4 Kf8 39.Nxb3 Qe1+ 40.Kg2 Qxe4+ 41.Kg1 Nf3+ 42.Kg2 Nh4+
43.Kf1 Qd3+ 44.Qe2 Qb1+ 45.Qe1 Qxe1+ 46.Kxe1 Nf3+ 47.Ke2 Nxh2 48.Nc5 a5 49.Ne6+ Kf7
50.Nxc7 g5 51.f3 a4 52.Nb5 Ke6 53.Na3 Kd5 54.Ke3 Nf1+ 55.Kf2 Nd2 56.Nc2 Kc4
57.f4 g4 58.Ke3 Kc3  0-1

[Event "Ron Banwell Masters"]
[Site "London ENG"]
[Date "2001.08.20"]
[Round "3"]
[White "Webster,A"]
[Black "Gardner,R"]
[Result "1-0"]
[WhiteElo "2425"]
[BlackElo "2206"]

1.c4 e5 2.g3 d6 3.Bg2 Nc6 4.Nc3 Be6 5.Qa4 Qd7 6.e3 h5 7.h3 Be7 8.Nge2 Bf6
9.Nd5 Bxd5 10.cxd5 Nce7 11.Qxd7+ Kxd7 12.d3 g5 13.Bd2 Ng6 14.Rc1 Nh6 15.Rc4 Bd8
16.Nc3 f5 17.Ke2 h4 18.Rc1 a6 19.g4 b5 20.Rb4 Rf8 21.gxf5 Nxf5 22.a4 bxa4
23.Ra1 Nh6 24.Rbxa4 Rb8 25.R1a2 Ra8 26.Rxa6 Rxa6 27.Rxa6 g4 28.hxg4 Ke7 29.g5 Ng4
30.Ne4  1-0

[Event "Open"]
[Site "Lisbon POR"]
[Date "2001.08.21"]
[Round "1"]
[White "Andrade,Le"]
[Black "Damaso,R"]
[Result "0-1"]
[WhiteElo "2230"]
[BlackElo "2437"]

1.c4 e5 2.g3 c6 3.Nf3 e4 4.Nd4 d5 5.cxd5 Qxd5 6.e3 Nf6 7.Nc3 Qe5 8.Bg2 Bc5
9.Nb3 Bb4 10.d4 exd3 11.Qxd3 Bf5 12.Qd4 Qe7 13.O-O O-O 14.e4 Rd8 15.Qe3 Be6
16.Qe2 b5 17.Nd2 Nbd7 18.a4 bxa4 19.Nxa4 Ne5 20.Rd1 Nd3 21.b3 Ng4 22.Nc4 Ngxf2
23.Rf1 Bxc4 24.bxc4 Nxc1 25.Raxc1 Rd2 26.Qf3 Nd3 27.Qe3 Nxc1 28.Rxc1 Rad8
29.e5 Rxg2+  0-1

[Event "Open"]
[Site "Lisbon POR"]
[Date "2001.08.23"]
[Round "3"]
[White "Sande Edreira,J"]
[Black "Palac,M"]
[Result "1/2-1/2"]
[WhiteElo "2194"]
[BlackElo "2578"]

1.c4 e5 2.g3 Nf6 3.Bg2 d5 4.cxd5 Nxd5 5.Nf3 Nc6 6.O-O Nb6 7.d3 Be7 8.a3 Be6
9.Nbd2 a5 10.b3 O-O 11.Bb2 f6 12.Qc2 Rf7 13.e3 Bf5 14.Ne4 Bf8 15.Rfd1 Rd7
16.d4 exd4 17.Nxd4 Nxd4 18.Bxd4 Be7 19.Bxb6 cxb6 20.Rxd7 Qxd7 21.Rd1 Qe6
22.Rd4 Rc8 23.Qb2 Qc6 24.Rc4 Qd7 25.Rd4 Qc6 26.Rc4 Qe6  1/2-1/2

[Event "Rubinstein Open"]
[Site "Polanica Zdroj POL"]
[Date "2001.08.23"]
[Round "8"]
[White "Sergeev,Vl"]
[Black "Heyken,E"]
[Result "1-0"]
[WhiteElo "2498"]
[BlackElo "2325"]

1.c4 e5 2.g3 Nc6 3.Bg2 d6 4.Nc3 Be6 5.d3 Qd7 6.Rb1 Nge7 7.b4 d5 8.b5 Nd8
9.Qb3 dxc4 10.dxc4 Nf5 11.Nf3 Nd4 12.Nxd4 exd4 13.Nd5 c6 14.Nf4 Bf5 15.bxc6 bxc6
16.Nd3 Bd6 17.Qa4 Bxd3 18.exd3 Qe6+ 19.Kf1 O-O 20.Bd2 Qg6  1-0

[Event "Open"]
[Site "Lisbon POR"]
[Date "2001.08.24"]
[Round "4"]
[White "Sande Edreira,J"]
[Black "Strikovic,A"]
[Result "0-1"]
[WhiteElo "2194"]
[BlackElo "2515"]

1.c4 e5 2.g3 c6 3.d4 exd4 4.Qxd4 d5 5.cxd5 cxd5 6.Bg2 Nf6 7.Nf3 Nc6 8.Qa4 Bc5
9.O-O O-O 10.Bg5 h6 11.Bxf6 Qxf6 12.Nc3 Be6 13.Rad1 Rfd8 14.Qb5 Qe7 15.Na4 Bd6
16.Nc3 a6 17.Qa4 Bc5 18.e3 b5 19.Qh4 Qf8 20.Nd4 Nxd4 21.exd4 Be7 22.Qh5 g6
23.Qe5 Bd6 24.Qe3 Bc7 25.Ne2 Bg4 26.Bf3 Re8 27.Qc3 b4 28.Qd3 Bf5 29.Qd2 Be4
30.Bxe4 Rxe4 31.Nc1 Rae8 32.Rfe1 h5 33.Rxe4 dxe4 34.Re1 Bb6 35.Nb3 Qd6 36.Qf4 Qd5
37.Rc1 Bxd4 38.Nxd4 Qxd4 39.Rc7 Qd1+ 40.Kg2 Qd5 41.Qe3 Qxa2 42.h4 a5 43.b3 a4
44.bxa4 b3  0-1

[Event "Rubinstein Open"]
[Site "Polanica Zdroj POL"]
[Date "2001.08.24"]
[Round "9"]
[White "Lukaszewski,M"]
[Black "Piotrowski,L"]
[Result "1-0"]
[WhiteElo "2196"]
[BlackElo "2121"]

1.c4 e5 2.g3 Nc6 3.Bg2 d6 4.Nc3 g6 5.Rb1 Be6 6.b4 Qd7 7.b5 Nd8 8.d3 Bg7 9.e4 f5
10.Nge2 fxe4 11.Nxe4 Bh3 12.O-O Bxg2 13.Kxg2 Ne6 14.f4 Nf6 15.Nxf6+ Bxf6
16.fxe5 Bxe5 17.d4 Bg7 18.d5 Nc5 19.Be3 Rf8 20.Bxc5 Rxf1  1-0

[Event "Rubinstein Open"]
[Site "Polanica Zdroj POL"]
[Date "2001.08.25"]
[Round "10"]
[White "Sergeev,Vl"]
[Black "Hnydiuk,A"]
[Result "1-0"]
[WhiteElo "2498"]
[BlackElo "2362"]

1.c4 e5 2.g3 Nf6 3.Bg2 c6 4.a3 d5 5.cxd5 cxd5 6.d4 e4 7.Bg5 Nbd7 8.Nc3 h6
9.Bf4 Be7 10.f3 exf3 11.Nxf3 O-O 12.O-O Nb6 13.Ne5 Be6 14.Rc1 Rc8 15.Qd3 Bd6
16.Nb5 Rxc1 17.Rxc1 Bb8 18.Qc2 Ng4 19.Nc7 Qd7  1-0

[Event "VI Cup IM"]
[Site "Paks HUN"]
[Date "2001.08.26"]
[Round "9"]
[White "Dearing,E"]
[Black "Resika,N"]
[Result "1-0"]
[WhiteElo "2274"]
[BlackElo "2203"]

1.c4 e5 2.g3 Nc6 3.Bg2 g6 4.Nc3 Bg7 5.e4 d6 6.Nge2 Nge7 7.d3 O-O 8.O-O Nd4
9.Nxd4 exd4 10.Ne2 Rb8 11.b4 b5 12.cxb5 Rxb5 13.Bd2 Rb8 14.Qc2 Ba6 15.Rfc1 c6
16.Rab1 Qd7 17.Nf4 Rb6 18.Bh3 Qb7 19.a4 Qb8 20.Bg4 Bc8 21.Bd1 Bd7 22.Qa2 Be5
23.Ne2 Be6 24.Bb3 Bxb3 25.Rxb3 Qc8 26.Bg5 Qe6 27.Bxe7 Qxe7 28.a5 Ra6 29.Qa4 Qe6
30.Rb2 d5 31.exd5 Qxd5 32.Qa2 Qxa2 33.Rxa2 Rb8 34.Rc4 Rb5 35.Rac2 Bd6 36.Nxd4 Rxb4
37.Nxc6 Rb1+ 38.Kg2 Ra1 39.d4 Kf8 40.d5 Kg7 41.Rb2 Rd1 42.Rb5  1-0

[Event "10th Open"]
[Site "Kavala GRE"]
[Date "2001.08.28"]
[Round "8"]
[White "Koyias,K"]
[Black "Skembris,S"]
[Result "0-1"]
[WhiteElo "2285"]
[BlackElo "2456"]

1.c4 e5 2.g3 Nf6 3.Bg2 d5 4.cxd5 Nxd5 5.Nc3 Nb6 6.Nf3 Nc6 7.O-O Be7 8.Rb1 a5
9.a3 a4 10.d3 Be6 11.Be3 Bb3 12.Qc1 O-O 13.Nd2 Be6 14.Bxb6 cxb6 15.Nc4 f6
16.Rd1 Rf7 17.e3 Bf8 18.Qc2 Rd7 19.Qe2 Kh8 20.Be4 Ne7 21.f4 f5 22.Nxe5 fxe4
23.Nxd7 Qxd7 24.dxe4 Qc8 25.Qb5 Bb3 26.Rd2 Ng8 27.Qd7 Bc5 28.Kf2 Qf8 29.h3 g5
30.Qf5 Qxf5 31.exf5 gxf4 32.gxf4 Re8 33.Re1 Nh6 34.f6 Nf5 35.Kf3 Bf7 36.Nd5 Bh5+
37.Kf2 Nd6 38.Rc2 Ne4+ 39.Kf1 Bf7 40.Nc3 Bc4+ 41.Kg2 Nxf6 42.e4 Nh5 43.Nxa4 Nxf4+
44.Kf3 Nd3 45.Rxc4 Ne5+ 46.Kf4 Nxc4 47.Nxc5 bxc5 48.Rc1 Nxb2  0-1

[Event "Open"]
[Site "Lisbon POR"]
[Date "2001.08.28"]
[Round "8"]
[White "Baldazzi,S"]
[Black "Rocha,A POR"]
[Result "0-1"]
[WhiteElo "2147"]
[BlackElo "2085"]

1.c4 e5 2.g3 Nc6 3.Bg2 d6 4.Nc3 Nf6 5.e3 Be7 6.Nge2 Be6 7.Nd5 O-O 8.O-O Rb8
9.b3 Qd7 10.d4 Bh3 11.Nxe7+ Nxe7 12.dxe5 dxe5 13.Qxd7 Bxd7 14.Ba3 Rfe8 15.Nc3 a6
16.Rfd1 Be6 17.Rac1 Ng6 18.Nd5 Rec8 19.Rc2 c6 20.Nb6 Re8 21.Rcd2 h6 22.h3 h5
23.e4 h4 24.Bd6 Rbd8 25.f4 exf4 26.gxf4 Nf8 27.Kh2 g6 28.Bf3 Bc8 29.e5 N6h7
30.Bg4 Be6 31.Na4 Bxg4 32.hxg4 Ne6 33.f5 Neg5 34.Rd3 Ne4 35.Kg1 Nhg5 36.Nb2 gxf5
37.gxf5 Kh7 38.Rf1 Rg8 39.Kh2 Ng3 40.Rf4 Kg7 41.Rg4 f6 42.Rf4 fxe5 43.Bxe5+ Kf7
44.c5 Rge8 45.Rxd8 Rxd8 46.Nc4 Rd5 47.b4 Nh5 48.Rf2 Ng3 49.Kg2 N3e4 50.Rf4 h3+
51.Kh2 Rd3 52.Bd6 Rc3 53.Ne5+ Ke8 54.Ng4 Rc2+ 55.Nf2 Nxf2 56.Kg3 Nfe4+ 57.Kg4 Rg2+
58.Kh5 h2 59.Rf1 Rg1  0-1

[Event "Open"]
[Site "Lisbon POR"]
[Date "2001.08.28"]
[Round "8"]
[White "Sande Edreira,J"]
[Black "Flament,Fra"]
[Result "1-0"]
[WhiteElo "2194"]
[BlackElo "2089"]

1.c4 e5 2.g3 Nf6 3.Bg2 Nc6 4.Nc3 Bb4 5.Nd5 a5 6.e3 O-O 7.Ne2 Re8 8.O-O Bf8
9.Nec3 d6 10.d3 Be6 11.f4 exf4 12.gxf4 g6 13.d4 Nb4 14.Nxf6+ Qxf6 15.a3 Bxc4
16.axb4 Bxf1 17.Qxf1 axb4 18.Nd5 Qf5 19.Rxa8 Rxa8 20.e4 Qc8 21.f5 Qd8 22.fxg6 hxg6
23.Nf6+ Kg7 24.e5 dxe5 25.dxe5 Qd4+ 26.Kh1 Bc5 27.Bd5 Qg1+ 28.Qxg1 Bxg1 29.Kg2 Bd4
30.Ng4 Ra1 31.Bh6+ Kh7 32.Bf8 Bxb2 33.Bxf7 Bd4 34.e6 b3 35.e7 Ra8 36.Kh3 Bg7
37.e8=Q Rxe8 38.Bxe8 Bxf8  1-0

[Event "VI Cup IM"]
[Site "Paks HUN"]
[Date "2001.08.28"]
[Round "11"]
[White "Dearing,E"]
[Black "Habibi,Al"]
[Result "1/2-1/2"]
[WhiteElo "2274"]
[BlackElo "2250"]

1.c4 e5 2.g3 d6 3.Bg2 g6 4.Nc3 Nc6 5.e4 Bg7 6.Nge2 Nge7 7.d3 O-O 8.O-O Be6
9.Nd5 Qd7 10.Be3 Nd4 11.Nxe7+ Qxe7 12.Nxd4 exd4 13.Bd2 c6  1/2-1/2

[Event "FSIMA September"]
[Site "Budapest HUN"]
[Date "2001.09.07"]
[Round "7"]
[White "Nemeth,Z"]
[Black "Appleberry,M"]
[Result "1-0"]
[WhiteElo "2328"]
[BlackElo "2283"]

1.g3 e5 2.c4 Nc6 3.Nc3 g6 4.Bg2 Bg7 5.e3 Nge7 6.Nge2 a6 7.O-O O-O 8.Rb1 Rb8
9.b4 b5 10.cxb5 axb5 11.a4 Na7 12.d4 d6 13.dxe5 dxe5 14.a5 Bf5 15.e4 Be6
16.Be3 Nac8 17.Qxd8 Rxd8 18.Rfd1 Nd6 19.Ba7 Ra8 20.Bc5 Bf8 21.Bxd6 cxd6 22.Nxb5 Bc4
23.Nec3 Nc6 24.Nc7 Rab8 25.N7d5  1-0

[Event "TCh-CRO"]
[Site "Pula CRO"]
[Date "2001.09.14"]
[Round "5"]
[White "Sinanovic,M"]
[Black "Ljubicic,F"]
[Result "1/2-1/2"]
[WhiteElo "2390"]
[BlackElo "2412"]

1.c4 e5 2.g3 Nf6 3.Bg2 d5 4.cxd5 Nxd5 5.Nc3 Nb6 6.Nf3 Nc6 7.O-O Be7 8.Rb1 a5
9.b3 O-O 10.d3 Be6 11.Bb2 f6 12.Rc1 Qd7 13.Re1 Rfd8 14.Nd2 Nd5 15.Na4 b6
16.a3 Bf8 17.Nf3 Rac8 18.Qc2 Nde7 19.Red1 Nd4 20.Bxd4 exd4 21.Nd2 Nd5 22.Qb2 b5
23.Nc5 Bxc5 24.Rxc5 Nc3 25.Rc1 Qe7 26.Rc6 Bd5 27.Bxd5+ Rxd5 28.b4 Rh5 29.h4 Qd7
30.Qb3+ Kf8 31.Qe6 Qxe6 32.Rxe6 axb4 33.axb4 Na2 34.Rb1 c5 35.bxc5 Rhxc5
36.Nb3 Rc3 37.Nxd4 b4 38.Rb2 Ra3 39.Rd6 Rcc3 40.Rd7 Ra6 41.Nf5 g6 42.Ne3 h5
43.Nd5 Rc8 44.f3 Ra3 45.Rb7 Nc1 46.Nxf6 Ra1 47.Kg2 b3 48.e4 Ra6 49.f4 Ra2  1/2-1/2

[Event "TCh-FIN 2001-02"]
[Site "FIN"]
[Date "2001.09.22"]
[Round "1"]
[White "Norri,J"]
[Black "Puranen,J"]
[Result "1/2-1/2"]
[WhiteElo "2423"]
[BlackElo "2313"]

1.c4 e5 2.g3 Nc6 3.Bg2 g6 4.Nc3 Bg7 5.e4 d6 6.d3 Nge7 7.Nge2 O-O 8.O-O Bg4
9.h3 Be6 10.f4 f5 11.Nd5 Qd7 12.Kh2 Rf7 13.Rb1 a5 14.Bd2 Raf8 15.Qa4 Kh8
16.Bc3 h6 17.Rbe1 g5 18.fxg5 hxg5 19.Qd1 f4 20.Ng1 g4 21.hxg4 Bxg4 22.Bf3 Bxf3
23.Rxf3 Nxd5 24.cxd5 Nd4 25.Bxd4 exd4 26.Rxf4 Rxf4 27.Qh5+ Kg8 28.gxf4 Rxf4
29.Nh3 Rf6 30.Rg1 Kf8 31.Rg4 Rh6 32.Qg5 Be5+ 33.Kg2 Rh8 34.Nf4 Ke8 35.Ne6 Qe7
36.Qg6+ Kd7 37.Qf5 Ke8 38.Ng5 Qd7 39.Qg6+ Kf8 40.Ne6+ Ke7 41.Rf4 Qe8 42.Qxe8+ Rxe8
43.Rh4 c6 44.Rh7+ Kf6 45.Rxb7 cxd5 46.exd5 Rg8+ 47.Kf2 Bg3+ 48.Kf3 Ke5 49.Rb5 a4
50.Rb4 a3 51.bxa3 Kxd5 52.Nxd4 Be1 53.Rc4 Rg3+ 54.Ke2 Ba5 55.Nc2 Rg2+ 56.Kf3 Rh2
57.Ne3+ Ke6 58.Re4+ Kd7 59.Nc4 Bc7 60.Re2 Rh3+ 61.Ke4 d5+ 62.Kxd5 Rxd3+ 63.Kc5 Rh3
64.a4 Rh5+ 65.Kb4 Kc6 66.a5 Rb5+ 67.Ka4 Rc5 68.Nb6 Kb7 69.Re7 Ka6 70.Nd7  1/2-1/2

[Event "October Training"]
[Site "Singapore SIN"]
[Date "2001.10.06"]
[Round "1"]
[White "Tay,J"]
[Black "Nithiananthan,J"]
[Result "1-0"]
[WhiteElo "2184"]
[BlackElo "2105"]

1.c4 e5 2.g3 Nc6 3.Bg2 g6 4.Nc3 Bg7 5.e4 Nge7 6.Nge2 d6 7.O-O Be6 8.Nd5 Qd7
9.d3 h6 10.Rb1 O-O 11.Bxh6 f6 12.Be3 Rf7 13.h4 a6 14.d4 exd4 15.Nxd4 Nxd4
16.Bxd4 Nc6 17.Bc3 Ne5 18.b3 a5 19.Nf4 Bg4 20.f3 g5 21.Bxe5 fxe5 22.Nd5 Be6
23.hxg5 Raf8 24.Qd2 c6 25.g6  1-0